000 00619nam a2200241 a 4500
001 nice12345678
003 IN_TiNIC
005 20260116012811.0
008 050524s1983 newa grp 000 0 eng
020 _a
_c95
082 0 0 _a909.04297
_bWOJ
100 _aWojtilla, Gyula
245 _aContribution of Islam to World Civilization and Culture
260 _aNew Delhi
_bLight and Life Publishers
_c1983
300 _a183p
500 _aincludes index and biblioraphy
505 2 _aIndex
650 _aCivilization-Islamic
700 1 _aWojtilla, Gyula
902 _bSRS
942 _cBK
999 _c8419
_d8419